Geography of North Dakota - Statistics

General Stats
  • This quiz has been taken 47 times
  • The average score is 15 of 20
Answer Stats
Question Answer % Correct
Which U.S. states border North Dakota? Minnesota
100%
Which U.S. states border North Dakota? Montana
100%
Which U.S. states border North Dakota? South Dakota
100%
What is North Dakota's largest city? Fargo
94%
What is the state capital of North Dakota? Bismarck
91%
What is the longest river that flows through North Dakota? Missouri River
88%
What major resource is North Dakota the #3 producer of in the United States? Oil
88%
Name one of the two Canadian provinces that border North Dakota Manitoba / Saskatchewan
85%
Which Nordic country do 30.8% of people in North Dakota have ancestry from? Norway
85%
What national park in North Dakota is named for a U.S. President? Theodore Roosevelt
85%
What is North Dakota's most important crop by value? Wheat
76%
What is the third-largest city in North Dakota? Grand {Forks}
74%
What massive grassland region is North Dakota located in? Great Plains
71%
What larger Native American tribe were the Dakota people part of? Sioux
71%
What river forms most of North Dakota's eastern border? Red River (of the North)
62%
What manmade reservoir on the above river is the largest lake in North Dakota? * hint: named for a Shoshone woman Lake {Sakakawea}
56%
What are kept inside Minuteman silos? ICBMs
53%
What is the nickname of North Dakota? The {Peace} {Garden} State
41%
What river flows through Jamestown? James River
38%
What animal is the "Salem Sue" sculpture? Holstein Cow
35%
No matching quizzes found
Score Distribution
Percent of People with Each Score
Percentile by Number Answered
Your Score History
You have not taken this quiz